100 % Glück und Zufall (unmöglich) - Statistiken

Allgemein
  • Dieses Quiz wurde 1.131 mal gespielt
  • Das Durchschnittsergebnis liegt bei 5 aus 80
Answers on the Grid
Answers color-coded by a green-red scale on the quiz's grid according to % correct below.
1
1
1
1
1
1
1
1
1
1
1
1
1
1
1
1
1
1
1
1
1
1
1
1
1
1
1
1
1
1
1
1
1
1
1
1
1
1
1
1
1
1
1
1
1
1
1
1
1
1
1
1
1
1
1
1
1
1
1
1
1
1
1
1
1
1
1
1
1
1
1
1
1
1
1
1
1
1
1
1
1
1
1
1
1
1
1
1
1
1
1
1
1
1
1
1
1
1
1
1
 
Antwortstatistiken
Antwort % Korrekt
1
9%
1
9%
1
9%
1
9%
1
9%
1
8%
1
8%
1
8%
1
8%
1
8%
1
8%
1
8%
1
8%
1
7%
1
7%
1
7%
1
7%
1
7%
1
7%
1
7%
1
7%
1
7%
1
7%
1
7%
1
7%
1
7%
1
7%
1
6%
1
6%
1
6%
1
6%
1
6%
1
6%
1
6%
1
6%
1
6%
1
6%
1
6%
1
6%
1
6%
1
6%
1
6%
1
5%
1
5%
1
5%
1
5%
1
5%
1
5%
1
5%
1
5%
1
5%
1
5%
1
5%
1
5%
1
5%
1
5%
1
5%
1
5%
1
5%
1
5%
1
5%
1
5%
1
4%
1
4%
1
4%
1
4%
1
4%
1
4%
1
4%
1
4%
1
4%
1
4%
1
4%
1
4%
1
4%
1
3%
1
3%
1
3%
1
3%
1
3%
Keine übereinstimmenden Quizze gefunden
Verteilung der Resultate
Anzahl Personen mit jedem Resultat
Perzentil nach korrekt beantworteten Fragen
Ihre Resultats-Entwicklung
Sie haben dieses Quiz noch nicht gespielt